000 02224nam a2200385 i 4500
001 000045176
003 DO-SdBNP
005 20250513095937.0
007 ta
008 150206s2013 dr ao gr 001 0bspa d
020 _a9789945475647
040 _aDO-SdBNP
_bspa
_cBNPHU
_erda
041 _aspa
082 4 _aRD863.44
_bC764p
_222
100 1 _aContreras, Hilma,
_d1913-2006
_914873
_eautor
_4aut.
245 1 3 _aEl poder de unas lágrimas :
_by varios cuentos más /
_cHilma Contreras ; prólogo, Ylonka Nacidit-Perdomo; selección y edición León Félix Batista.
264 4 _aSanto Domingo :
_bDirección General de la Feria del Libro,
_c©2013.
300 _a100 páginas
_bilustraciones, retratos ;
_c27 cm.
336 _atexto
_btxt
_2rdacontent
337 _asin mediación
_bn
_2rdamedia
338 _avolumen
_bnc
_2rdacarrier
500 _aIncluye referencias bibliográficas y notas al pie de las páginas.
500 _aLibro de pasta dura.
500 _aDigitación de los textos: Biblioteca Nacional Pedro Henríquez Ureña.
505 0 _aLos misterios de Hilma Contreras /
_rYlonka Nacidit-Perdomo.--
_tPlenitud --
_tLa cabellera --
_tEl incendio --
_tCanícula --
_tEl cumpleaños de Vitalina --
_tLos buenos se van --
_tChorrera abajo --
_tDías sin luz --
_tPuñados de dolor --
_tGeneral o ceniza --
_tEl poder de unas lágrimas --
_tApéndice :
_tCarta a Silvia Hilcon (pseudonimo de Hilma Contreras /
_rJuan Bosch.--
_tLa joven Hilma Contreras : notas a su biografía /
_rYlonka Nacidit-Perdomo.--
_tHilma Contreras Castillo, bibliografías activa y pasiva /
_rFranklin Gutiérrez --
_tAlgunas opiniones críticas sobre la obra de Hilma Contreras /
_rRecopilación de Ylonka Nacidit-Perdomo.
_g
590 _aInventariado 2021 / MF
600 1 4 _957078
_aContreras, Hilma,
_d1910-2006
_xCrítica e Interpretación
650 4 _935459
_aCuentos dominicanos
650 0 _aLiteratura dominicana
_980471
700 _aNacidit-Perdomo, Ylonka,
_d1965-
_eprologuista
_924277
_4prol.
700 1 _aBatista, León Félix,
_d1964-
_eeditor
_912031
_4ed.
710 1 _aRepública Dominicana. Dirección General de la Feria del Libro
_980423
910 _aMFeliz/Validado. Control de calidad MFF
942 _2ddc
_cLBS1
999 _c44665
_d44665